| 000 | 00561nam a2200145Ia 4500 | ||
|---|---|---|---|
| 008 | 140724s9999 xx 000 0 und d | ||
| 050 |
_aHD 58.8 _b.M578 2009 |
||
| 100 | _aMesa, Rainier Philip. | ||
| 245 |
_aChange management in the freight forwarding department at Lee-Mesa-Cruz logistic as a result of ISO certification / _cRainier Philip A. Mesa. |
||
| 260 |
_aLas PiƱas, Philippines : _bSouthville International School and Colleges, _cc2009. |
||
| 300 |
_a53 p. ; _bill. ; _c28 cm. |
||
| 521 | _aHuman Resource Management | ||
| 942 | _cTH | ||
| 999 |
_c228931 _d228931 |
||